| 000 | 00566nam a22001457a 4500 | ||
|---|---|---|---|
| 020 | _a978-1-4424-0256-0 | ||
| 082 |
_a823 _bDIX/H |
||
| 100 | _aDIXON, FRANKLIN W | ||
| 245 | _aTHE HARDY BOYS - LOST BROTHER | ||
| 260 |
_aNEW YORK _bALADDIN PAPERBACKS _c2010 |
||
| 300 | _a152 | ||
| 520 | _aIn the second book of this gripping trilogy, Frank has gone missing in the woods and it's up to Joe to stop his brother from becoming one of the LOST! Franklin W. Dixon is the author of the ever-popular Hardy Boys books. | ||
| 650 |
_aMYSTERY STORY _zUNITED STATES |
||
| 942 | _cBK | ||
| 999 |
_c7783 _d7783 |
||